[Event "Ferrol op 32th"]
[Site "Ferrol"]
[Date "2017.07.24"]
[Round "9"]
[White "Gonzalez Pico, Marcos"]
[Black "Alvarino Pita, Fernando"]
[Result "1/2-1/2"]
[WhiteElo "1020"]
[BlackElo "1328"]
[PlyCount "33"]
[EventDate "2017.07.16"]
[EventType "swiss"]
[EventRounds "9"]
[EventCountry "ESP"]
[SourceTitle "EXT 2024"]
[Source "ChessBase"]
[SourceDate "2023.10.10"]
[SourceVersion "1"]
[SourceVersionDate "2023.10.10"]
[SourceQuality "1"]

1. e4 e5 2. Nf3 Nc6 3. Bb5 Nge7 4. d3 h6 5. Nc3 a6 6. Ba4 b5 7. Bb3 d6 8. Nd5 Bg4 9. h3 Bh5 10. g4 Bg6 11. Be3 Na5 12. Nxe7 Bxe7 13. Bd5 c6 14. Bb3 Nxb3 15. axb3 c5 16. c4 b4 17. Qd2 1/2-1/2

[Event "Ferrol op 32th"]
[Site "Ferrol"]
[Date "2017.07.19"]
[Round "4"]
[White "Del Rio Suarez, Emilio"]
[Black "Gonzalez Pico, Marcos"]
[Result "1/2-1/2"]
[WhiteElo "1275"]
[BlackElo "1020"]
[PlyCount "52"]
[EventDate "2017.07.16"]
[EventType "swiss"]
[EventRounds "9"]
[EventCountry "ESP"]
[SourceTitle "EXT 2024"]
[Source "ChessBase"]
[SourceDate "2023.10.10"]
[SourceVersion "1"]
[SourceVersionDate "2023.10.10"]
[SourceQuality "1"]

1. e4 c5 2. Nc3 e6 3. Nf3 Nc6 4. Bb5 Qc7 5. 0-0 a6 6. Bxc6 Qxc6 7. d3 Qc7 8. Re1 d6 9. b3 e5 10. Nd5 Qc6 11. c4 Be6 12. Nc3 Nf6 13. Bg5 Be7 14. h3 h6 15. Bxf6 Bxf6 16. Qc1 0-0 17. Qa3 b5 18. Qc1 b4 19. Na4 Bd7 20. Nb2 Rfe8 21. Nd1 Be6 22. Ne3 Qd7 23. Kh1 Rab8 24. Qb2 Qc6 25. Qc1 Qd7 26. Qb2 Qc6 1/2-1/2